| 000 | 01032nac a22002651i 4500 | ||
|---|---|---|---|
| 003 | EG-ScBUE | ||
| 005 | 20240320113350.0 | ||
| 008 | 240320s2002 enkabc f b 001 0 eng d | ||
| 020 | _a0333948831 (pbk.) | ||
| 020 | _a9780333948835 | ||
| 040 |
_aEG-ScBUE _beng _erda _cEG-ScBUE _dEG-ScBUE |
||
| 082 | 0 | 4 |
_a940.55 _bPOL _222 |
| 245 | 0 | 0 |
_aPolitics in Europe : _ban introduction to the politics of the United Kingdom, France, Germany, Italy, Sweden, Russia, and the European Union / _cM. Donald Hancock, Vanderbilt University, [and five others] |
| 250 | _aThird edition. | ||
| 264 | 1 |
_aBasingstoke : _bPalgrave Macmillan, _c2002. |
|
| 300 |
_axvii, 574 pages : _billustrations, maps, portraits ; _c24 cm |
||
| 336 |
_2rdacontent _atext _btxt |
||
| 337 |
_aunmediated _2rdamedia _bn |
||
| 338 |
_avolume _bnc _2rdacarrier |
||
| 504 | _aIncludes bibliographical references and index. | ||
| 651 | 7 |
_aEurope _xPolitics and government _y1945- _2BUEsh |
|
| 655 | _vReading book | ||
| 700 | 1 |
_aHancock, M. Donald, _eauthor. |
|
| 942 |
_cBB _2ddc |
||
| 999 |
_c1491 _d1491 |
||